| 000 | 00846nam a2200277Ia 4500 | ||
|---|---|---|---|
| 003 | GCL | ||
| 008 | 140319s9999 xx 000 0 ara d | ||
| 040 |
_aGCL / _cGCL |
||
| 082 | 0 | 4 |
_a189.1 _bم ا |
| 100 | 1 | _aميرفت عزت بالى | |
| 245 | 1 | 0 |
_aالاتجاه الاشراقى فى فلسفة بن سينا / _cميرفت عزت بالى |
| 260 |
_a[S.N] : _bدار الجيل |
||
| 300 | _a543 ص | ||
| 490 | _a | ||
| 650 | 0 | 4 | _aالفلسفة الاسلامية |
| 650 | 0 | 4 | _aالفلسفة |
| 650 | 0 | 4 | _aالوجودية |
| 650 | 0 | 4 | _aالفلاسفة المسلمون |
| 650 | 0 | 4 | _aالالوهية |
| 650 | 0 | 4 | _aالفلاسفة |
| 650 | 0 | 4 | _aالفلاسفة العرب |
| 650 | 0 | 4 | _aالفلسفة - نظريات |
| 650 | 0 | 4 | _aابن سينا |
| 650 | 0 | 4 | _aما وراء الطبيعة, علم |
| 942 |
_2ddc _cBK |
||
| 999 |
_c27494 _d27494 |
||